00437 2200169 4500001002100000008004100021035002000062245006200082100001500144250000600159260004200165300001200207084001400219082000800233650001400241990001200255INLIS000000000000604 ind  a0010-0424000580 aLangkah Sukses Menuju Olimpiade Kimia OrganikcRiswiyanto aRiswiyanto a1 aJakarta :bBina Prestasi Insanic2012 a391 hlm a547 RIS l a547 aNon Fiksi a0722406